Generał Brygady Aleksander Radwan-Pragłowski (1895 - 1974)

Titel: Generał Brygady Aleksander Radwan-Pragłowski (1895 - 1974) : studium biograficzne / Daniel Koreś
Verfasser:
Veröffentlicht: Warszawa : Instytut Pamięci Narodowej, Komisja Ścigania Zbrodni Przeciwko Narodowi Polskiemu, 2012
Umfang: 544 S. : Ill.
Format: Buch
Sprache: Polnisch
Schriftenreihe/
mehrbändiges Werk:
Monografie / Instytut Pamięci Narodowej, Komisja Ścigania Zbrodni Przeciwko Narodowi Polskiemu ; 78
Schlagworte:
ISBN: 8376293389 ; 9788376293387
Buchumschlag
X
Lokale Klassifikation: 2 P 522
alg: 30833554
001A    $03004:13-09-12 
001B    $03025:24-01-23 $t08:39:44.000 
001C    $03004:13-09-12 $t08:39:06.000 
001D    $03004:13-09-12 
001U    $0utf8 
001X    $00 
002@    $0Aau 
003@    $0308335546 
004A    $083-7629-338-9 
004A    $A978-83-7629-338-7 
006L    $0BV040329026 $2BVB 
007A    $0BV040329026 $aBVB 
007G    $0DE020190349070DDE557BC1257AA8004A54AF 
009P    $qapplication/pdf $A2 $3Inhaltsverzeichnis $uhttp://scans.hebis.de/HEBCGI/show.pl?30833554_toc.pdf $mV:DE-603;B:DE-Mb50 
010@    $apol 
011@    $a2012 $n2012 
021A    $aGenerał Brygady Aleksander Radwan-Pragłowski (1895 - 1974) $dstudium biograficzne $hDaniel Koreś 
028A    $7138253676 $8Koreś, Daniel$Z1977- [Tp3] $9212520059 
033A    $pWarszawa $nInstytut Pamięci Narodowej, Komisja Ścigania Zbrodni Przeciwko Narodowi Polskiemu 
034D    $a544 S. 
034M    $aIll. 
036E    $aMonografie / Instytut Pamięci Narodowej, Komisja Ścigania Zbrodni Przeciwko Narodowi Polskiemu $l78 
036F    $x278 $8Monografie / Instytut Pamie̜ci Narodowej, Komisja Ścigania Zbrodni Przeciwko Narodowi Polskiemu $9108570207 $l78 
044K    $#Radwan-Pragłowski, Aleksander $#Pragłowski, Aleksander Radwan- $71025937295 $8Pragłowski, Aleksander$Z1895-1974 [Tp1] $9308335872 

lok: 30833554 24
101B    $006-05-13 $t11:00:24.000 
101C    $018-10-12 
101U    $0utf8 
145Z/01 $a2 P 522 

exp: 30833554 24 1 #EPN
201B/01 $018-10-12 $t14:14:01.000 
201C/01 $013-09-12 
201U/01 $0utf8 
203@/01 $0649269640 
208@/01 $a13-09-12 $bz 
209A/01 $a12.06027 $du $f050 $h12 06027 $x00 
209C/01 $a12.06027 K $h12 06027 K 
209G/01 $a73087961 $x00 
220C/01 $anie 
244Z/01 $#Radwan-Pragłowski, Aleksander $#Pragłowski, Aleksander Radwan- $71025937295 $8--Tp1--Pragłowski, Aleksander$Z1895-1974 $x01 $9308335872 
247C/01 $8358050-7 Marburg, Bibliothek des Herder-Instituts Marburg $9102600961 

lok: 30833554 78

exp: 30833554 78 1 #EPN
201B/01 $024-01-23 $t08:35:18.000 
201C/01 $024-01-23 
201U/01 $0utf8 
203@/01 $01225313325 
208@/01 $a24-01-23 $be 
209A/01 $a/ $f000 $x00 
209A/01 $ab*p $x01 
220C/01 $apgar 
244Z/01 $#Generalgouvernement Polen $#Polska $#Rzeczpospolita Polska $#Polska Rzeczpospolita Ludowa $#Poland $#Pologne $#République Polonaise $#Generalne Gubernatorstwo w Polsce $#Polish People's Republic $#Polska Rzeczpospolita Polen $#PRL $#RP $#Polen Generalgouvernement $#Polska Generalgouvernement $#Besetzte Polnische Gebiete $#Besetztes Gebiet in Polen $#Okupowane Polskie Obszary $#Obszary Okupowane w Polsce $#Volksrepublik Polen $#Polska Rosyjska $#Republic Polen $#Respublika Pol'ša $#Pol'skaja Narodnaja Respublika $#République de Pologne $#Polen Links der Weichsel $#Polska po Lewej Stronie Wisły $#Lenkija $#Polija $#Gubernija Carstva Pol'skago $#Republik Polen $74046496-9 $8--Tg1--Polen $x01 $9085129801 
247C/01 $82080>Marburg/Lahn, Herder-Institut, Forschungsbibliothek, Bibliographieportal $9336309341
LEADER 00000cam a2200000 c 4500
001 308335546
003 DE-603
005 20230124083944.0
007 tu
008 120913s2012 xx |||| | u00||u|pol c
020 |a 8376293389 
020 |a 9788376293387 
035 |a (DE-599)BVBBV040329026 
035 |a (DE-604)BV040329026 
040 |a DE-603  |b ger  |c DE-603  |d DE-603 
041 |a pol 
100 1 |a Koreś, Daniel  |d 1977-  |0 (DE-603)212520059  |0 (DE-588)138253676  |2 gnd 
245 0 0 |a Generał Brygady Aleksander Radwan-Pragłowski (1895 - 1974)  |b studium biograficzne  |c Daniel Koreś 
264 1 |a Warszawa  |b Instytut Pamięci Narodowej, Komisja Ścigania Zbrodni Przeciwko Narodowi Polskiemu  |c 2012 
300 |a 544 S.  |b Ill. 
490 1 |a Monografie / Instytut Pamięci Narodowej, Komisja Ścigania Zbrodni Przeciwko Narodowi Polskiemu  |v 78 
600 1 7 |a Pragłowski, Aleksander  |d 1895-1974  |0 (DE-588)1025937295  |0 (DE-603)308335872  |2 gnd 
810 2 2 |a Instytut Pamięci Narodowej  |b Glowna Komisja Ścigania Zbrodni Przeciwko Narodowi Polskiemu  |t Monografie  |v 78  |w (DE-603)108570207  |w (DE-600)2144010-4  |9 278  |7 as 
856 4 2 |m V:DE-603;B:DE-Mb50  |q application/pdf  |u http://scans.hebis.de/HEBCGI/show.pl?30833554_toc.pdf  |3 Inhaltsverzeichnis 
924 0 |9 Mb 50  |a (DE-603)649269640  |b DE-Mb50  |c HES  |d c  |g 12.06027 
924 0 |9 2080  |a (DE-603)1225313325  |b DE-2080  |c HES  |d d  |g /